SEC Logo Quiz - Statistics

General Stats
  • This quiz has been taken 23 times
  • The average score is 15 of 16
Answer Stats
Picture Answer % Correct
Alabama
100%
Arkansas
95%
Auburn
95%
Florida
95%
Georgia
95%
Kentucky
95%
Missouri
95%
Oklahoma
95%
Texas
95%
Texas A&M
95%
Louisiana State
90%
Mississippi
90%
Mississippi State
90%
Tennessee
90%
Vanderbilt
90%
South Carolina
85%
No matching quizzes found
Score Distribution
Percent of People with Each Score
Percentile by Number Answered
Your Score History
You have not taken this quiz